Statistics for Flag Close-Ups- Europe #2

Click here to take the quiz!

General Stats

  • This quiz has been taken 29 times
  • The average score is 10 of 12

Answer Stats

Answer% Correct
Germany
100%
France
96%
Sweden
96%
Russia
93%
Croatia
89%
Iceland
89%
Estonia
86%
Andorra
82%
Bosnia & Herzegovina
82%
Serbia
82%
Vatican City
82%
Liechtenstein
68%

Score Distribution

Percentile by Number Answered

Percent of People with Each Score

Your Score History

You have not taken this quiz